| 000 | 01091nac a22002411u 4500 | ||
|---|---|---|---|
| 010 | _a 98222990 | ||
| 020 | _a0750637889 (pbk.) | ||
| 035 | _a(OCoLC)40266257 | ||
| 082 | 0 | 0 |
_a621.381 _bEm62 |
| 090 |
_c1968 _d1968 |
||
| 100 | _aEmmerson, Andrew. | ||
| 245 | 1 | 0 |
_aElectronic classics : _bcollecting, restoration, and repair / _cAndrew Emmerson. |
| 260 |
_aOxford [England] ; _aBoston [Mass.] : _bNewnes, _c1998. |
||
| 300 |
_ax, 413 p. : _bill. ; _c24 cm. |
||
| 500 | _aIncludes index. | ||
| 650 | 0 |
_aElectronic apparatus and appliances _xCollectors and collecting. |
|
| 650 | 0 |
_aElectronic apparatus and appliances _xMaintenance and repair. |
|
| 650 | 0 |
_aRadio _xReceivers and reception _xCollectors and collecting. |
|
| 856 | 4 | 1 |
_3Table of contents _uhttp://www.loc.gov/catdir/toc/els033/98222990.html |
| 856 | 4 | 1 |
_3Publisher description _uhttp://www.loc.gov/catdir/description/els033/98222990.html |
| 942 |
_cBB _k621.381 |
||
| 999 |
_c1968 _d1968 |
||